000
00278nam a2200109Ia 4500
008
220216s9999 xx 000 0 und d
245
0
_a
RRIM 700 series clones trials : First report
260
_b
Planters Bulletin
_c
1965
300
_a
23-25
650
_a
Wind damage
942
_c
JS
999
_c
67340
_d
67340